| 000 | 00438nam a22001697a 4500 | ||
|---|---|---|---|
| 003 | NUST - PNEC | ||
| 005 | 20170116180924.0 | ||
| 008 | 150904b xxu||||| |||| 00| 0 eng d | ||
| 040 | _cLIBRARY | ||
| 082 | _a621.3 THE | ||
| 100 |
_9125 _aTheraja, B.L. |
||
| 245 |
_a A textbook of electrical technology _cB.L. Theraja |
||
| 250 | _a16th ed. | ||
| 260 | _c1980 | ||
| 650 |
_95527 _aElectrical Engineering _xEL, EE |
||
| 942 |
_2ddc _cBK |
||
| 999 |
_c65719 _d65719 |
||